Isenbaye ati ilo ede Yoruba
Kaydedildi:
| Yazar: | |
|---|---|
| Materyal Türü: | Kitap |
| Dil: | İngilizce |
| Baskı/Yayın Bilgisi: |
Elyon, Publishers
2014.
|
| Etiketler: |
Etiketle
Etiket eklenmemiş, İlk siz ekleyin!
|
MARC
| LEADER | 00000nam a22000007a 4500 | ||
|---|---|---|---|
| 008 | 201215b ||||| |||| 00| 0 eng d | ||
| 020 | |a ISBN: 978-978-2148-70-4 | ||
| 100 | |a OYELARAN, Olasope O | ||
| 245 | |a Isenbaye ati ilo ede Yoruba |c Olasope O. Oyelaran, Lawrence O. Adewole. |g vi; 184p | ||
| 260 | |b Elyon, Publishers |c 2014. |h Ilesa, Nigeria |i 688977 |l PL8821 .Oy3 |m Yoruba language – Texts | ||
| 942 | |a lcc |c BK |e Olagoke,M A |f 15/12/2020 | ||
| 952 | |0 0 |1 0 |2 lcc |4 0 |6 PL8821 O Y3 |7 0 |9 505 |a HOL |b HOL |c LP |d 2020-12-15 |l 0 |o PL8821 .Oy3 |p 2020-2233 |r 2020-12-15 00:00:00 |w 2020-12-15 |y BK | ||
| 999 | |c 266 |d 266 | ||